Cómo vivir sano 150 años (Record no. 143746)

MARC details
000 -LEADER
campo de control de longitud fija 00613nam a2200193 4500
001 - NÚMERO DE CONTROL
campo de control 143746
003 - IDENTIFICADOR DE NÚMERO DE CONTROL
campo de control ES-MaACL
005 - FECHA Y HORA DE LA ÚLTIMA TRANSACCIÓN
campo de control 20250807062549.0
007 - CAMPO FIJO DE DESCRIPCIÓN FÍSICA--INFORMACIÓN GENERAL
campo de control de longitud fija t|
008 - DATOS DE LONGITUD FIJA--INFORMACIÓN GENERAL
campo de control de longitud fija 070214s1951 sp r ||||1| spa d
100 1# - ENTRADA PRINCIPAL--NOMBRE DE PERSONA
Nombre de persona Severon, Argimiro.
9 (RLIN) 105926
245 10 - MENCIÓN DEL TÍTULO
Título Cómo vivir sano 150 años
Resto del título : (síntesis unitaria de la Medicina y el hombre) /
Mención de responsabilidad, etc. por el Dr. Argimiro Severon.
260 ## - PUBLICACIÓN, DISTRIBUCIÓN, ETC.
Lugar de publicación, distribución, etc. Valencia :
Nombre del editor, distribuidor, etc. Horizontes,
Fecha de publicación, distribución, etc. 1951 (
Fabricante V. Cortell)
300 ## - DESCRIPCIÓN FÍSICA
Extensión 190 p., 1 lám. ;
Dimensiones 18 cm.
650 #7 - PUNTO DE ACCESO ADICIONAL DE MATERIA--TÉRMINO DE MATERIA
Término de materia o nombre geográfico como elemento de entrada Medicina
Fuente del encabezamiento o término embne
9 (RLIN) 14891
852 ## - LOCALIZACIÓN
Ubicación ES-MaACL
Sublocalización o colección R.31691
Ubicación en estantería Sala Valle Inclán
Número de control de estantería D-8145
itemnumber 148937
942 ## - ELEMENTOS DE ENTRADA SECUNDARIOS (KOHA)
Fuente del sistema de clasificación o colocación Clasificación decimal universal
Holdings
Estatus retirado Estado de pérdida Fuente del sistema de clasificación o colocación Estado de daño No para préstamo Biblioteca de origen Biblioteca actual Ubicación en estantería Fecha de adquisición Total de préstamos Signatura topográfica completa Código de barras Visto por última vez Precio de reemplazo Tipo de ítem Koha
    Clasificación decimal universal     Biblioteca del Ateneo de Madrid Biblioteca del Ateneo de Madrid Sala Valle Inclán 17/01/2008   D-8145 901149555 23/02/2023 23/02/2023 Libro impreso